000 01217cam a22003497a 4500
003 CHAP
005 20220329134633.0
008 971013s1954 r 00010 d
010 _a23394
011 _a24366
035 _a28465
040 _cCHAP
082 _a338.109726
_bC43
100 0 0 _aChávez Orozco, Luis.
_922749
245 1 3 _aLa encuesta agrícola del Banco del Avío 1830-32
260 _aMéxico, D.F. :
_bBanco Nacional de Crédito Agrícola y Ganadero,
_c(1954)
300 _a37 h
490 0 _aPublicaciones
_v; 6
590 _aBATCH-UPD
_b10
_c20130110
_lUCH01
_h0111
590 _aBATCH-UPD
_b10
_c20130110
_lUCH01
_h1633
590 _aBATCH-UPD
_b10
_c20130409
_lUCH01
_h2102
590 _aBATCH-UPD
_b10
_c20130410
_lUCH01
_h1025
590 _aBATCH-UPD
_b10
_c20130914
_lUCH01
_h0335
590 _aCONVERSION
_b10
_c20130109
_lUCH01
_h1314
650 1 4 _aAgricultura
_xAspectos económicos
_xVeracruz.
_91304
830 0 _aPublicaciones
_v; 6
_992668
901 _aBK
942 _cLIBRO
949 _a338.109726 C43
_bBC
_cBPA
_d-65659
_eBPA
_h5422
_i28465
_si
949 _a338.109726 C43
_bBC
_cBPA
_d-65660
_eBPA
_fc.2
_h5423
_i28465
_si
949 _a338.109726 C43
_bBC
_cBPA
_d-65661
_eBPA
_fc.3
_h42087
_i28465
_si
999 _c23394
_d23394